00265nam a2200097Ia 4500008004000000082001200040100001900052245002700071260004300098650002600141210210b1943 xxu||||| |||| 00| 0 eng d a310/134 aNORMAN Walker. aIndian village health. aLondonbOxford University Pressc1943 aIndian village health